| 000 | 00560nam a2200193Ia 4500 | ||
|---|---|---|---|
| 005 | 20250508152515.0 | ||
| 008 | 008 250505s9999 xx 000 0 hin d | ||
| 037 | _aTextual | ||
| 040 |
_aFEDL _beng _cFEDL |
||
| 041 |
_ahin _2eng |
||
| 084 |
_a709, SHU _qFEDL |
||
| 100 |
_aShukl Ram Chandra _9579905 |
||
| 245 | 0 | _aKala aur aadhunik pravretiyan | |
| 260 |
_aUttar Pradesh, India _bPrakashan Shakha, Suchna Vibhag _c1958 |
||
| 300 | _a182p | ||
| 490 | _aHindi-samiti-granthmala; 17 | ||
| 942 |
_cTEXL _h709, SHU |
||
| 999 |
_c1336878 _d1336878 |
||